| 000 | 00896nam a22002537a 4500 | ||
|---|---|---|---|
| 999 |
_c20386 _d20386 |
||
| 005 | 20190129163659.0 | ||
| 008 | 190129b xxu||||| |||| 00| 0 spa d | ||
| 020 | _a9789585518032 | ||
| 040 |
_aCO-BoIAVH _cCO-BoIAVH |
||
| 041 | _aspa | ||
| 044 | _ack | ||
| 082 |
_a551.417 _bQ66l |
||
| 100 |
_aQuijano Abril, Mario Alberto _eeditor |
||
| 245 | 1 | 0 | _aLos humedales del altiplano del oriente antioqueño y su conceptualización |
| 260 |
_aRionegro: _bUniversidad Católica del Oriente, _c2018. |
||
| 300 |
_a211 páginas _bfotografías a color, tablas, gráficas _c24 x 17cm |
||
| 650 | 0 |
_aBiología de agua dulce _zColombia |
|
| 650 | 0 |
_aEcología de agua dulce _zColombia. |
|
| 650 | 0 |
_aHidrogeología _xInvestigaciones |
|
| 650 | 0 | _aConservación de humedales | |
| 650 | 0 | _aLimnología | |
| 650 | 0 | _aMicrobiología | |
| 942 |
_2ddc _cLIBRO |
||